00226 a2200109 4500245004000000100001600040700001600056700001500072260000900087300001100096035000900107 aRééducation des paraplégiques aLacert, Ph. aMarpean, M. aCalves, M. c1978 a101 p. a3653